| 000 | 01164cam a22003015a 4500 | ||
|---|---|---|---|
| 999 |
_c27286 _d27257 |
||
| 001 | 17964936 | ||
| 005 | 20190324141954.0 | ||
| 008 | 131205t2015 nyua frb 001 0 eng d | ||
| 010 | _a 2013044261 | ||
| 020 | _a9789814595247 | ||
| 020 | _a9814595241 | ||
| 040 |
_aDLC _beng _cDLC _dEG-ScBUE |
||
| 082 | 0 | 4 |
_a620.112 _bMEC _222 |
| 245 | 1 | 0 |
_aMechanics of materials / _cFerdinand P. Beer... [et al.]. |
| 250 | _a7th ed., SI units. | ||
| 260 |
_aNew York : _bMc-Graw Hill Education, _cc.2015. |
||
| 300 |
_a1 v. (various pagings) : _bill. (col.) ; _c26 cm. |
||
| 504 | _aIncludes bibliographical references and index. | ||
| 650 | 7 |
_aStrength of materials. _2BUEsh |
|
| 651 | _2BUEsh | ||
| 653 |
_bENGMEC _cMarch2019 |
||
| 655 | _vReading book | ||
| 700 | 1 |
_aBeer, Ferdinand P. _q(Ferdinand Pierre), _d1915-2003. _912477 |
|
| 856 | 4 | 2 |
_3Contributor biographical information _uhttp://www.loc.gov/catdir/enhancements/fy1403/2013044261-b.html |
| 856 | 4 | 2 |
_3Publisher description _uhttp://www.loc.gov/catdir/enhancements/fy1403/2013044261-d.html |
| 856 | 4 | 1 |
_3Table of contents only _uhttp://www.loc.gov/catdir/enhancements/fy1403/2013044261-t.html |
| 942 | _2ddc | ||